Situación de la pobreza en Chile: 1987-1992
Tallennettuna:
| Päätekijä: | |
|---|---|
| Aineistotyyppi: | Kirja |
| Kieli: | espanja |
| Julkaistu: |
Santiago
MIDEPLAN
1994
|
| Sarja: | Documentos Sociales
|
| Aiheet: | |
| Tagit: |
Lisää tagi
Ei tageja, Lisää ensimmäinen tagi!
|
MARC
| LEADER | 00000nam a2200000 a 4500 | ||
|---|---|---|---|
| 001 | UCY2518 | ||
| 003 | CL-VaPUC | ||
| 008 | 941028e19940000CL |||||||||||||||||spa|d | ||
| 082 | 0 | 4 | |a 339.46 |b TEI |2 21 |
| 100 | 0 | |a Teitelboim, Berta |e author |9 330548 | |
| 245 | 1 | 0 | |a Situación de la pobreza en Chile: 1987-1992 |
| 300 | |a 44 h | ||
| 942 | |c BK | ||
| 945 | |d 19941028 00:00:00 |a rbrito | ||
| 260 | |a Santiago |b MIDEPLAN |c 1994 | ||
| 650 | 7 | |a POBREZA ESTADISTICAS 1987-1992 |2 CL-VaPUC |9 330549 | |
| 651 | 7 | |a CHILE |2 CL-VaPUC |9 330550 | |
| 583 | |a last modification |c 19941028 00:00:00 |k Rodrigo Vera | ||
| 490 | 0 | |a Documentos Sociales | |
| 999 | |c 230897 |d 230895 | ||
| 952 | |0 0 |1 0 |4 0 |6 339_460000000000000_TEI_1994 |7 0 |8 A |9 233533 |a BIBENE |b BIBENE |d 2019-11-15 |i 3025276 |o 339.46 TEI 1994 |p 3025276 |r 2025-01-15 |w 2019-11-15 |y BK |k ICO | ||
| 952 | |0 0 |1 0 |4 0 |6 339_460000000000000_TEI_1994 |7 0 |8 A |9 233534 |a BIBENE |b BIBENE |d 2019-11-15 |i 3025284 |o 339.46 TEI 1994 |p 3025284 |r 2025-01-15 |w 2019-11-15 |y BK |k ICO | ||